Movies Quiz

Random Movies or Song Quiz

Impromptu Music In Movies Quiz Stats

 Plays Quiz Updated Mar 8, 2019

Score 0/20 Timer 05:00
4 Plays Today
Song Movie % Correct
Johnny B. GoodeBack To The Future
90.6%
Mocking BirdDumb & Dumber
80.4%
You've Lost That Lovin' Feelin'Top Gun
80.2%
I Feel PrettyAnger Management
77.8%
Twist And ShoutFerris Bueller's Day Off
76.3%
Afternoon DelightAnchorman
75.3%
Man Of Constant SorrowO Brother, Where Art Thou?
67.1%
Bohemian RhapsodyWayne's World
64.7%
Can't Take My Eyes Off You10 Things I Hate About You
63.7%
Baby, It's Cold OutsideElf
58.9%
Song Movie % Correct
Try A Little TendernessPretty In Pink
53%
Anyone Else But YouJuno
52.3%
Tiny DancerAlmost Famous
51.6%
Singin' In The RainA Clockwork Orange
51.2%
Stuck In The Middle With YouReservoir Dogs
50.8%
Day-O (The Banana Boat Song)Beetlejuice
48.9%
I Say A Little Prayer For YouMy Best Friend's Wedding
46.8%
Di Wah Diddy DiddyStripes
44.3%
Somebody To LoveThe Cable Guy
38.7%
Leaving On A Jet PlaneArmageddon
36.7%

You're not logged in!

Compare scores with friends on all Sporcle quizzes.
OR
Log In

You Might Also Like...

Show Comments

Extras

Top Quizzes Today


Score Distribution

Your Account Isn't Verified!

In order to create a playlist on Sporcle, you need to verify the email address you used during registration. Go to your Sporcle Settings to finish the process.

Report this User

Report this user for behavior that violates our Community Guidelines.

Details: